000 00512nam a2200193Ia 4500
008 101110s9999 xx 000 0 und d
041 _aENGLISH
082 _bSR10020
_a657
100 _aYorston & Others
245 _aAdvanced Accounting ... 6th ed. by Yorston
365 _b50
520 _aCommerce
546 _aENGLISH
630 _aAdvanced Accounting ... 6th ed. by Yorston
650 _aCommerce
655 _aCommerce
730 _aAdvanced Accounting ... 6th ed. by Yorston
942 _cBOOK
999 _c805036
_d805033